000 00585nam a2200241 a 4500
001 0001-1331
003 ELIB.Books
008 150819 2010 eng
020 _a0386468069
035 _a(ELIB.Books)0001-1486
092 _a158.1
_bJoh
100 _aJohnson, Spencer.
245 _aThe Precious Present
260 _aNew York
_bDoubleday
_c1984
300 _a74
_c21.5 Cm
500 _aDr. Min Oo
650 _aHappiness
856 _nKBTS: Library
_uKBTS: Elib
942 _2ddc
_cBK
990 _a1
998 _cbat
_e2015-08-19
999 _c11331
_d11331